00450nmm a2200157Ia 4500008004100000020001800041041000800059100001800067245002400085264008000109300001600189650001200205856005100217942000700268999001700275251105s9999||||xx |||||||||||||||||und|| a9788467145991 aspa aPaige, Laurie 0aLa familia soñada a[Madrid, España] :bHarlequin, c[Fecha de publicación no identificada] a0 páginas aRomance uhttps://public.digitaliapublishing.com/a/96743 cCF c83354d83354